| 000 | 00733nam a2200217Ii 4500 | ||
|---|---|---|---|
| 003 | JO-AjNU | ||
| 008 | 230605s9999||||xx |||||||||||||| ||und|| | ||
| 017 | _a1984/5216 | ||
| 040 |
_aJO-AjNU _bara _erda _cJO-AjNU |
||
| 041 | _aara | ||
| 050 | 1 | 4 | _aPJ7631.S522 1984 |
| 100 | 3 |
_aتأليف شبول،أحمد فضل, _eauthor _97009 |
|
| 245 | 0 | 0 | _aأصوات من الشعر المعاصر، ج1 |
| 250 | _aط1 | ||
| 264 | 3 | 1 | _aالإسكندرية: دار المطبوعات الجديدة،1984 |
| 300 | _aج1، 195ص | ||
| 336 |
_atext _btxt _2rdacontent |
||
| 337 |
_aunmediated _bn _2rdamedia |
||
| 338 |
_avolume _bnc _2rdacarrier |
||
| 650 | 4 |
_aالشعر العربي - تاريخ ونقد - القرن العشرين _97010 |
|
| 999 |
_aA62 _c3630 _d3630 |
||